<?xml version="1.0" encoding="UTF-8"?>
<collection xmlns="http://www.loc.gov/MARC21/slim">
<record>
  <controlfield tag="001">79767</controlfield>
  <controlfield tag="005">20230926093529.0</controlfield>
  <datafield tag="024" ind1="7" ind2=" ">
    <subfield code="2">doi</subfield>
    <subfield code="a">10.9734/ejmp/2019/v27i430122</subfield>
  </datafield>
  <datafield tag="024" ind1="8" ind2=" ">
    <subfield code="2">sideral</subfield>
    <subfield code="a">112606</subfield>
  </datafield>
  <datafield tag="037" ind1=" " ind2=" ">
    <subfield code="a">ART-2019-112606</subfield>
  </datafield>
  <datafield tag="041" ind1=" " ind2=" ">
    <subfield code="a">eng</subfield>
  </datafield>
  <datafield tag="100" ind1=" " ind2=" ">
    <subfield code="a">Chakradhari, Suryakant</subfield>
  </datafield>
  <datafield tag="245" ind1=" " ind2=" ">
    <subfield code="a">Evaluation of the phytochemical and mineral characteristics of some selected Sapotaceae plants</subfield>
  </datafield>
  <datafield tag="260" ind1=" " ind2=" ">
    <subfield code="c">2019</subfield>
  </datafield>
  <datafield tag="506" ind1="0" ind2=" ">
    <subfield code="a">Access copy available to the general public</subfield>
    <subfield code="f">Unrestricted</subfield>
  </datafield>
  <datafield tag="520" ind1="3" ind2=" ">
    <subfield code="a">Aims: To study the spectral and thermal characteristics, and the oil, starch, polyphenol and mineral contents of seeds and leaves from three Sapotaceae species, provided that trees and shrubs of this family are an important source of nutritional and functional products.

Methodology: Leaves and seeds from three Sapotaceae plants, namely Moa tree (Madhuca indica J. F. Gmel.), Chico sapote (Manilkara zapota (Linn.) van Royen) and Spanish cherry (Mimusops elengi Linn.), were collected in the Raipur area of Chhattisgarh, India. Their physicochemical characterization (including oil, polyphenol, starch and mineral contents; functional groups; and thermal degradation patterns) was carried out by using various techniques, viz. solvent extraction, spectrophotometry, enzymatic digestion, X-ray fluorescence (XRF) and Fourier-transform infrared (FTIR) spectroscopies, thermogravimetric/derivative thermogravimetric (TG/DTG) and differential scanning calorimetry (DSC), respectively.

Results: The three Sapotaceae seeds under study were found to contain polyphenol, mineral, starch and oil contents in the 1850–23180 mg/kg, 11390–19385 mg/kg, 6.7–9.1% and 9.8-54.1% range, respectively. Their leaves and seed coats featured total phenolic contents in the 24260–28600 mg/kg and 7810–23060 mg/kg range, respectively, and mineral contents in the 8823–27462 mg/kg and 3619–15884 mg/kg range, respectively. The functional groups of the phytochemicals, studied by FTIR, were assigned. Their thermal decomposition patterns, which involved loss of water and volatile organic compounds, proteins, oil and starch/cellulose, were also described.

Conclusion: The Sapotaceae leaves, seed coat, kernel and cake are enriched with very high contents of starch, proteins, polyphenols and minerals, suggesting their possible valorization in human food, animal feeding and as herbal medicines.</subfield>
  </datafield>
  <datafield tag="540" ind1=" " ind2=" ">
    <subfield code="9">info:eu-repo/semantics/openAccess</subfield>
    <subfield code="a">by</subfield>
    <subfield code="u">http://creativecommons.org/licenses/by/3.0/es/</subfield>
  </datafield>
  <datafield tag="655" ind1=" " ind2="4">
    <subfield code="a">info:eu-repo/semantics/article</subfield>
    <subfield code="v">info:eu-repo/semantics/publishedVersion</subfield>
  </datafield>
  <datafield tag="700" ind1=" " ind2=" ">
    <subfield code="a">Kanti Deb, Manas</subfield>
  </datafield>
  <datafield tag="700" ind1=" " ind2=" ">
    <subfield code="a">Patel, Khageshwar S.</subfield>
  </datafield>
  <datafield tag="700" ind1=" " ind2=" ">
    <subfield code="a">Martín Gil, Jesús</subfield>
  </datafield>
  <datafield tag="700" ind1=" " ind2=" ">
    <subfield code="a">Towett, Erick K.</subfield>
  </datafield>
  <datafield tag="700" ind1=" " ind2=" ">
    <subfield code="a">Martín Ramos, Pablo</subfield>
    <subfield code="u">Universidad de Zaragoza</subfield>
    <subfield code="0">(orcid)0000-0003-2713-2786</subfield>
  </datafield>
  <datafield tag="710" ind1="2" ind2=" ">
    <subfield code="1">5011</subfield>
    <subfield code="2">500</subfield>
    <subfield code="a">Universidad de Zaragoza</subfield>
    <subfield code="b">Dpto. CC.Agrar.y Medio Natural</subfield>
    <subfield code="c">Area Ingeniería Agroforestal</subfield>
  </datafield>
  <datafield tag="773" ind1=" " ind2=" ">
    <subfield code="g">27, 4 (2019), 1-16</subfield>
    <subfield code="p">European j. med. plants</subfield>
    <subfield code="t">European journal of medicinal plants</subfield>
    <subfield code="x">2231-0894</subfield>
  </datafield>
  <datafield tag="856" ind1="4" ind2=" ">
    <subfield code="s">898117</subfield>
    <subfield code="u">http://zaguan.unizar.es/record/79767/files/texto_completo.pdf</subfield>
    <subfield code="y">Versión publicada</subfield>
  </datafield>
  <datafield tag="856" ind1="4" ind2=" ">
    <subfield code="s">82492</subfield>
    <subfield code="u">http://zaguan.unizar.es/record/79767/files/texto_completo.jpg?subformat=icon</subfield>
    <subfield code="x">icon</subfield>
    <subfield code="y">Versión publicada</subfield>
  </datafield>
  <datafield tag="909" ind1="C" ind2="O">
    <subfield code="o">oai:zaguan.unizar.es:79767</subfield>
    <subfield code="p">articulos</subfield>
    <subfield code="p">driver</subfield>
  </datafield>
  <datafield tag="951" ind1=" " ind2=" ">
    <subfield code="a">2023-09-26-09:29:46</subfield>
  </datafield>
  <datafield tag="980" ind1=" " ind2=" ">
    <subfield code="a">ARTICLE</subfield>
  </datafield>
</record>
</collection>